National monetary policies and international financial markets / (Record no. 4115)
[ view plain ]
| 000 -LEADER | |
|---|---|
| fixed length control field | 01238cam a2200313 i 4500 |
| 001 - CONTROL NUMBER | |
| control field | 4115 |
| 003 - CONTROL NUMBER IDENTIFIER | |
| rucl marc code | BD-RjUL |
| 005 - DATE AND TIME OF LATEST TRANSACTION | |
| control field | 20211208233833.0 |
| 008 - FIXED-LENGTH DATA ELEMENTS--GENERAL INFORMATION | |
| fixed length control field | 131221r1978 ne a b 001 0 eng |
| 020 ## - INTERNATIONAL STANDARD BOOK NUMBER | |
| International Standard Book Number | 072040519X |
| 035 ## - SYSTEM CONTROL NUMBER | |
| System control number | (BD-RjUL)4149 |
| 040 ## - CATALOGING SOURCE | |
| Original cataloging agency | DLC |
| Transcribing agency | DLC |
| Modifying agency | DLC |
| -- | BD-RjUL |
| Language of cataloging | eng |
| 041 ## - LANGUAGE CODE | |
| Language code of text/sound track or separate title | eng |
| 082 00 - DEWEY DECIMAL CLASSIFICATION NUMBER | |
| Classification number | 332.4973 |
| Author mark and year | HEN 1978 |
| 100 1# - MAIN ENTRY--PERSONAL NAME | |
| Personal name | Herring, Richard. |
| 9 (RLIN) | 13068 |
| 245 10 - TITLE STATEMENT | |
| Title | National monetary policies and international financial markets / |
| Statement of responsibility, etc. | Richard J. Herring and Richard C. Marston. |
| 260 ## - PUBLICATION, DISTRIBUTION, ETC. (IMPRINT) | |
| Place of publication, distribution, etc. | Amsterdam ; |
| -- | New York : |
| Name of publisher, distributor, etc. | North-Holland Pub. Co. ; |
| Place of publication, distribution, etc. | New York : |
| Name of publisher, distributor, etc. | sole distributors for the U.S.A. and Canada, Elsevier/North Holland, |
| Date of publication, distribution, etc. | c1977 [Reprint 1978]. |
| 300 ## - PHYSICAL DESCRIPTION | |
| Pagination | xv, 302 p. : |
| Illustrations | ill. ; |
| Size | 23 cm. |
| 504 ## - BIBLIOGRAPHY, ETC. NOTE | |
| Bibliography, etc | Includes bibliographies and index. |
| 650 #0 - SUBJECT ADDED ENTRY--TOPICAL TERM | |
| Topical term or geographic name as entry element | International finance |
| General subdivision | Mathematical models. |
| 9 (RLIN) | 13069 |
| Topical term or geographic name as entry element | Monetary policy |
| General subdivision | Mathematical models. |
| 9 (RLIN) | 13070 |
| Topical term or geographic name as entry element | Finance |
| Geographic subdivision | Germany (West) |
| General subdivision | Mathematical models. |
| 9 (RLIN) | 13071 |
| Topical term or geographic name as entry element | Monetary policy |
| Geographic subdivision | United States |
| General subdivision | Mathematical models. |
| 9 (RLIN) | 13072 |
| 700 1# - ADDED ENTRY--PERSONAL NAME | |
| Personal name | Marston, Richard C., |
| Relator term | joint author. |
| 942 ## - ADDED ENTRY ELEMENTS (KOHA) | |
| Source of classification or shelving scheme | Dewey Decimal Classification |
| Koha item type | Books |
| Lost status | Source of classification or shelving scheme | Damaged status | Not for loan | Collection code | Permanent Location | Current Location | Shelving location | Date acquired | Source of acquisition | Total Checkouts | Full call number | Date last seen | Copy number | Koha item type |
|---|---|---|---|---|---|---|---|---|---|---|---|---|---|---|
| Dewey Decimal Classification | Not For Loan | Non-fiction | Central Library, University of Rajshahi | Central Library, University of Rajshahi | Reading Room | 08/10/1980 | Netherland | 332.4973 HEN 1978 | 21/12/2013 | C-1 | Books |